| 000 | 00518nam a22001697a 4500 | ||
|---|---|---|---|
| 005 | 20251108172420.0 | ||
| 008 | 250721s2001 xx 000 0 ara d | ||
| 082 | 1 | 4 | _a796.812/سال |
| 100 | 1 |
_aسالم، مختار _eمؤلف |
|
| 245 | 1 | 0 |
_aفن الدفاع عن النفس : _bالقتال الشخصي / |
| 264 | 1 |
_aبيروت : _bمؤسسة المعارف، _c2001. |
|
| 300 | _a104 ص. | ||
| 650 | 1 | 7 | _aالألعاب الرياضية |
| 650 | 1 | 7 | _aالكاراتيه |
| 942 |
_2ddc _cBK |
||
| 999 |
_c78730 _d78730 |
||